000 00595nam a2200217 a 4500
005 20210219153352.0
008 991125n 000 0 u
035 _aUPN01000094417
100 _aMosenthal, Peter B.
222 _aJOURNAL OF READING
245 _aProfiling students' document strategy abilities (document strategies)
300 _a578-583
362 _a36, No. 7, 1993
505 _aAgosto 1993
653 0 _aDOCUMENTOS
653 0 _aESTRATEGIAS DE LECTURA
653 0 _aPROCESOS DE LECTURA
700 _aKrish, Irwin S.
904 _aAC
_b032228
905 _aArticulo
999 _c75100
_d75100